Science Quiz

Random Science or Clickable Quiz
Score 0/10 Timer 05:00
1 Play Today
% Correct
HELIUM
71.4%
NEPTUNIUM
62%
SILICON
61%
LANTHANUM
60.8%
TELLURIUM
59.8%
RHENIUM
59.8%
STRONTIUM
59.2%
FLEROVIUM
58.3%
ZINC
57.2%
TANTALUM
55.7%
Remove Ads.
Support Sporcle.
Get the best of Sporcle when you Go Orange. This ad-free experience offers more features, more stats, and more fun while also helping to support Sporcle. Thank you for becoming a member.

You're not logged in!

Compare scores with friends on all Sporcle quizzes.
OR
Log In

Show Comments

Extras

Top Quizzes Today


Score Distribution

Your Account Isn't Verified!

In order to create a playlist on Sporcle, you need to verify the email address you used during registration. Go to your Sporcle Settings to finish the process.

Report this User

Report this user for behavior that violates our Community Guidelines.

Details: